Zhodnotenie riadenia úverového, úrokového a menového rizika v slovenských bankách diplomová práca

Guardado en:
Detalles Bibliográficos
Autor principal: Venutti, Erik
Autor Corporativo: Fakulta hospodárskej informatiky EU. Katedra účtovníctva a audítorstva
Otros Autores: Ondrušová, Lucia, 1981-
Formato: Libro
Lenguaje:eslovaco
Publicado: Bratislava 2025
Etiquetas: Agregar Etiqueta
Sin Etiquetas, Sea el primero en etiquetar este registro!

MARC

LEADER 00000nbm a2200000 4500
001 0310560
005 20251208125046.8
041 0 |a slo 
044 |a SK 
245 1 0 |a Zhodnotenie riadenia úverového, úrokového a menového rizika v slovenských bankách  |b diplomová práca  |c Erik Venutti ; školiteľ: Lucia Ondrušová 
264 1 |a Bratislava  |c 2025 
300 |a 65 s. 
100 1 |a Venutti, Erik 
700 1 |a Ondrušová, Lucia, 1981- 
710 2 |a Fakulta hospodárskej informatiky EU. Katedra účtovníctva a audítorstva